000 00954nam a2200253Ia 4500
003 OSt
005 20220923222157.0
006 a|||||r|||| 00| 0
007 ta
008 220922b |||||||| |||| 00| 0 hin d
024 _a203,626
037 _cTextual
040 _aARTS
_cARTS
_bhin
041 _2hin
_ahin
082 _aO157,3N35,11, 152N4
100 _aगंगोपाध्याय, सुनील; तिवत्रि, सुरेन्द्र, अनु.
_9166237
245 0 _aसप्तम अभियान
246 _aSaptam abhiyāna
260 _aनई दिल्ली
_b किताबघर
_c1994
300 _a126पृ.
_ccm.
650 _aबंगाली साहित्य
_9156264
942 _hO157,3N35,11, 152N4
_cTEXL
_2CC
999 _c354378
_d354378